<?xml version="1.0" encoding="UTF-8"?>
<record
    xmlns:xsi="http://www.w3.org/2001/XMLSchema-instance"
    xsi:schemaLocation="http://www.loc.gov/MARC21/slim http://www.loc.gov/standards/marcxml/schema/MARC21slim.xsd"
    xmlns="http://www.loc.gov/MARC21/slim">

  <leader>01353nam a22003017a 4500</leader>
  <controlfield tag="001">1655</controlfield>
  <controlfield tag="003">FISKH</controlfield>
  <controlfield tag="005">20230915113605.0</controlfield>
  <controlfield tag="008">230913b        cb ||||| |||| 00| 0 khr d</controlfield>
  <datafield tag="020" ind1=" " ind2=" ">
    <subfield code="a">9789924340430</subfield>
  </datafield>
  <datafield tag="040" ind1=" " ind2=" ">
    <subfield code="a">FISKH </subfield>
    <subfield code="b">eng</subfield>
    <subfield code="c">FISKH </subfield>
    <subfield code="d">FISKH </subfield>
  </datafield>
  <datafield tag="082" ind1=" " ind2=" ">
    <subfield code="a">398.25</subfield>
  </datafield>
  <datafield tag="100" ind1=" " ind2=" ">
    <subfield code="a">Khai, Chut </subfield>
  </datafield>
  <datafield tag="245" ind1=" " ind2=" ">
    <subfield code="a">&#x1781;&#x17D2;&#x1798;&#x17C4;&#x1785; &#x1796;&#x17D2;&#x179A;&#x17B6;&#x1799;&#x17A2;&#x179F;&#x17BB;&#x179A;&#x1780;&#x17B6;&#x1799;&#x200B; / </subfield>
    <subfield code="c">&#x1787;&#x17BB;&#x178F; &#x1781;&#x17C3; &#x179A;&#x17BC;&#x1794;&#x1795;&#x17B6;&#x1796;&#x178A;&#x17C4;&#x1799; &#x179F;&#x17C1;&#x1784; &#x179C;&#x17B7;&#x179F;&#x17BB;&#x1791;&#x17D2;&#x1792; </subfield>
  </datafield>
  <datafield tag="260" ind1=" " ind2=" ">
    <subfield code="a">Phnom Penh : </subfield>
    <subfield code="b">Sipar, </subfield>
    <subfield code="c">2022. </subfield>
  </datafield>
  <datafield tag="300" ind1=" " ind2=" ">
    <subfield code="a">119 pages : </subfield>
    <subfield code="b">illustrations ; </subfield>
    <subfield code="c">20 cm</subfield>
  </datafield>
  <datafield tag="505" ind1=" " ind2=" ">
    <subfield code="a">Z'
</subfield>
  </datafield>
  <datafield tag="520" ind1=" " ind2=" ">
    <subfield code="a">&#x1796;&#x17B7;&#x1796;&#x178E;&#x17CC;&#x1793;&#x17B6;&#x17A2;&#x17C6;&#x1796;&#x17B8;&#x179B;&#x1780;&#x17D2;&#x1781;&#x178E;&#x17C8;&#x1796;&#x17B7;&#x179F;&#x17C1;&#x179F;&#x179A;&#x17BF;&#x1784;&#x179A;&#x1793;&#x17D2;&#x1792;&#x178F;&#x17CB; &#x1787;&#x17B6;&#x1798;&#x17BD;&#x1799;&#x1793;&#x17B9;&#x1784;&#x1780;&#x17B6;&#x179A;&#x179B;&#x17C1;&#x1784;&#x179F;&#x17BE;&#x1785; &#x1787;&#x17C6;&#x1793;&#x17BF;&#x179A;&#x1794;&#x179F;&#x17CB;&#x1798;&#x1793;&#x17BB;&#x179F;&#x17D2;&#x179F;&#x179B;&#x17BE;&#x179C;&#x17B7;&#x1789;&#x17D2;&#x1789;&#x17B6;&#x178E; &#x1781;&#x17D2;&#x1798;&#x17C4;&#x1785; &#x179F;&#x17B6;&#x179A;&#x17B8;&#x179A;&#x17B7;&#x1780;&#x1792;&#x17B6;&#x178F;&#x17BB; &#x1793;&#x17B7;&#x1784;&#x1780;&#x17B6;&#x179A;&#x1796;&#x17D2;&#x1799;&#x17B6;&#x1794;&#x17B6;&#x179B;&#x1794;&#x17C2;&#x1794;&#x1794;&#x17D2;&#x179A;&#x1796;&#x17C3;&#x178E;&#x17B8;&#x17D4;</subfield>
  </datafield>
  <datafield tag="520" ind1=" " ind2=" ">
    <subfield code="a">The book describes people&#x2019;s belief in spirits, ghosts, relics, and traditional healing. </subfield>
  </datafield>
  <datafield tag="521" ind1="8" ind2=" ">
    <subfield code="a">920 
</subfield>
    <subfield code="b">Lexile estimate 
</subfield>
  </datafield>
  <datafield tag="521" ind1="8" ind2=" ">
    <subfield code="a">Z'
</subfield>
    <subfield code="b">Raz-Plus </subfield>
  </datafield>
  <datafield tag="650" ind1=" " ind2=" ">
    <subfield code="a">&#x1781;&#x17D2;&#x1798;&#x17C4;&#x1785; </subfield>
    <subfield code="v">&#x1787;&#x17C6;&#x1793;&#x17BF; </subfield>
    <subfield code="x">&#x1796;&#x17D2;&#x179A;&#x179B;&#x17B9;&#x1784; </subfield>
  </datafield>
  <datafield tag="650" ind1=" " ind2=" ">
    <subfield code="a">Ghost </subfield>
    <subfield code="v">Paranormal</subfield>
    <subfield code="x">Spirits  </subfield>
  </datafield>
  <datafield tag="650" ind1=" " ind2=" ">
    <subfield code="a">Supernatural</subfield>
  </datafield>
  <datafield tag="650" ind1=" " ind2=" ">
    <subfield code="a">Superstition</subfield>
  </datafield>
  <datafield tag="700" ind1=" " ind2=" ">
    <subfield code="a">Visoth, Seng </subfield>
    <subfield code="e">illustrator </subfield>
  </datafield>
  <datafield tag="942" ind1=" " ind2=" ">
    <subfield code="2">ddc</subfield>
    <subfield code="c">KHB</subfield>
    <subfield code="n">0</subfield>
  </datafield>
  <datafield tag="999" ind1=" " ind2=" ">
    <subfield code="c">1655</subfield>
    <subfield code="d">1655</subfield>
  </datafield>
  <datafield tag="952" ind1=" " ind2=" ">
    <subfield code="0">0</subfield>
    <subfield code="1">0</subfield>
    <subfield code="2">ddc</subfield>
    <subfield code="4">0</subfield>
    <subfield code="7">0</subfield>
    <subfield code="8">KH</subfield>
    <subfield code="a">001</subfield>
    <subfield code="b">001</subfield>
    <subfield code="c">KHRS</subfield>
    <subfield code="d">2023-09-13</subfield>
    <subfield code="l">2</subfield>
    <subfield code="o">KHA 398.25</subfield>
    <subfield code="p">2023-0605</subfield>
    <subfield code="r">2024-10-16 12:11:57</subfield>
    <subfield code="s">2024-10-11</subfield>
    <subfield code="t">1</subfield>
    <subfield code="w">2023-09-13</subfield>
    <subfield code="y">KHB</subfield>
  </datafield>
  <datafield tag="952" ind1=" " ind2=" ">
    <subfield code="0">0</subfield>
    <subfield code="1">0</subfield>
    <subfield code="2">ddc</subfield>
    <subfield code="4">0</subfield>
    <subfield code="7">0</subfield>
    <subfield code="8">KH</subfield>
    <subfield code="a">002</subfield>
    <subfield code="b">002</subfield>
    <subfield code="c">SKB</subfield>
    <subfield code="d">2023-09-13</subfield>
    <subfield code="l">4</subfield>
    <subfield code="o">KHA 398.25</subfield>
    <subfield code="p">2023-0606</subfield>
    <subfield code="r">2026-02-03 16:29:38</subfield>
    <subfield code="s">2026-02-03</subfield>
    <subfield code="t">2</subfield>
    <subfield code="w">2023-09-13</subfield>
    <subfield code="y">KHB</subfield>
  </datafield>
</record>
